Data Driven: Truckers Technology And The New Workplace Surveillance (Record no. 43552)

MARC details
000 -LEADER
fixed length control field 04695cam a2200433 i 4500
001 - CONTROL NUMBER
control field 22658386
005 - DATE AND TIME OF LATEST TRANSACTION
control field 20250404120312.0
008 - FIXED-LENGTH DATA ELEMENTS--GENERAL INFORMATION
fixed length control field 220617t20232023njua b 001 0 eng
010 ## - LIBRARY OF CONGRESS CONTROL NUMBER
LC control number 2022021218
020 ## - INTERNATIONAL STANDARD BOOK NUMBER
International Standard Book Number 9780691175300
020 ## - INTERNATIONAL STANDARD BOOK NUMBER
Canceled/invalid ISBN 9780691241012
042 ## - AUTHENTICATION CODE
Authentication code pcc
043 ## - GEOGRAPHIC AREA CODE
Geographic area code n-us---
082 00 - DEWEY DECIMAL CLASSIFICATION NUMBER
Classification number 388.3240 LEV
084 ## - OTHER CLASSIFICATION NUMBER
Classification number SOC063000
-- TRA001150
Number source bisacsh
100 1# - MAIN ENTRY--PERSONAL NAME
Author Levy, Karen
245 10 - TITLE STATEMENT
Title Data Driven: Truckers Technology And The New Workplace Surveillance
260 ## - PUBLICATION, DISTRIBUTION, ETC.
Place New Jersey
Publisher Princeton Univeinrity Pres
Publication Year 2023
300 ## - PHYSICAL DESCRIPTION
Extent 231 pages :
Other physical details illustrations ;
Dimensions 25 cm
504 ## - BIBLIOGRAPHY, ETC. NOTE
Bibliography, etc. note Includes bibliographical references (pages 175-219) and index.
520 ## - SUMMARY, ETC.
Summary, etc. "Long-haul truckers are the backbone of the American economy, transporting goods under grueling conditions and immense economic pressure. Truckers have long valued the day-to-day independence of their work, sharing a strong occupational identity rooted in a tradition of autonomy. Yet these workers increasingly find themselves under many watchful eyes. Data Driven examines how digital surveillance is upending life and work on the open road, and raises crucial questions about the role of data collection in broader systems of social control. Karen Levy takes readers inside a world few ever see, painting a bracing portrait of one of the last great American frontiers. Federal regulations now require truckers to buy and install digital monitors that capture data about their locations and behaviors. Intended to address the pervasive problem of trucker fatigue by regulating the number of hours driven each day, these devices support additional surveillance by trucking firms and other companies. Traveling from industry trade shows to law offices and truck-stop bars, Levy reveals how these invasive technologies are reconfiguring industry relationships and providing new tools for managerial and legal control-and how truckers are challenging and resisting them. Data Driven contributes to an emerging conversation about how technology affects our work, institutions, and personal lives, and helps to guide our thinking about how to protect public interests and safeguard human dignity in the digital age"--
520 ## - SUMMARY, ETC.
Summary, etc. "A behind-the-scenes look at how digital surveillance is affecting the trucking way of lifeLong-haul truckers are the backbone of the American economy, transporting goods under grueling conditions and immense economic pressure. Truckers have long valued the day-to-day independence of their work, sharing a strong occupational identity rooted in a tradition of autonomy. Yet these workers increasingly find themselves under many watchful eyes. Data Driven examines how digital surveillance is upending life and work on the open road, and raises crucial questions about the role of data collection in broader systems of social control.Karen Levy takes readers inside a world few ever see, painting a bracing portrait of one of the last great American frontiers. Federal regulations now require truckers to buy and install digital monitors that capture data about their locations and behaviors. Intended to address the pervasive problem of trucker fatigue by regulating the number of hours driven each day, these devices support additional surveillance by trucking firms and other companies. Traveling from industry trade shows to law offices and truck-stop bars, Levy reveals how these invasive technologies are reconfiguring industry relationships and providing new tools for managerial and legal control-and how truckers are challenging and resisting them.Data Driven contributes to an emerging conversation about how technology affects our work, institutions, and personal lives, and helps to guide our thinking about how to protect public interests and safeguard human dignity in the digital age"--
650 #0 - SUBJECT ADDED ENTRY--TOPICAL TERM
Subject Trucking
650 #0 - SUBJECT ADDED ENTRY--TOPICAL TERM
Subject Supervision of employees
650 #0 - SUBJECT ADDED ENTRY--TOPICAL TERM
Subject Truck drivers
650 #0 - SUBJECT ADDED ENTRY--TOPICAL TERM
Subject Electronic monitoring in the workplace
650 #0 - SUBJECT ADDED ENTRY--TOPICAL TERM
Subject Electronic surveillance
650 #7 - SUBJECT ADDED ENTRY--TOPICAL TERM
Subject SOCIAL SCIENCE / Privacy & Surveillance (see also POLITICAL SCIENCE / Privacy & Surveillance)
650 #7 - SUBJECT ADDED ENTRY--TOPICAL TERM
Subject TRANSPORTATION / Automotive / Trucks
942 ## - ADDED ENTRY ELEMENTS (KOHA)
Koha item type Books
264 #1 - PRODUCTION, PUBLICATION, DISTRIBUTION, MANUFACTURE, AND COPYRIGHT NOTICE
Place of production, publication, distribution, manufacture Princeton :
Name of producer, publisher, distributor, manufacturer Princeton University Press,
Date of production, publication, distribution, manufacture, or copyright notice [2023]
264 #4 - PRODUCTION, PUBLICATION, DISTRIBUTION, MANUFACTURE, AND COPYRIGHT NOTICE
Date of production, publication, distribution, manufacture, or copyright notice ©2023
336 ## - CONTENT TYPE
Content type term text
Content type code txt
Source rdacontent
337 ## - MEDIA TYPE
Media type term unmediated
Media type code n
Source rdamedia
338 ## - CARRIER TYPE
Carrier type term volume
Carrier type code nc
Source rdacarrier
776 08 - ADDITIONAL PHYSICAL FORM ENTRY
Relationship information Online version:
Main entry heading Levy, Karen, 1981-
Title Data driven
Place, publisher, and date of publication Princeton : Princeton University Press, [2023]
International Standard Book Number 9780691241012
Record control number (DLC) 2022021219
906 ## - LOCAL DATA ELEMENT F, LDF (RLIN)
a 7
b cbc
c orignew
d 1
e ecip
f 20
g y-gencatlg
Holdings
Withdrawn status Lost status Source of classification or shelving scheme Damaged status Not for loan Home library Current library Shelving location Accession Date Vendor Price Bill number Total Checkouts Full call number Barcode No Date last seen Discount Bill Date Koha item type Suggested By
    Dewey Decimal Classification     IMTN IMTN Rack 15-B 03/26/2025 Raghav Books Private Limited 2960.10 2374   388.3240 LEV 33830 04/04/2025 33 02/14/2025 Books Dr. Mantha Raghu (Head Librarian)
Designed & Maintained by: LRC IMT Nagpur Contact: lrc@imtnag.ac.in© 2024. All Rights Reserved.